000
00320 a2200157 4500
001
62315
020
_a
9788580572285
040
_c
Anchieta - Pituba
100
_a
Penney, Stef
240
1
0
_a
Invisíveis
_l
por
245
1
0
_a
Invisíveis
300
_a
382
362
0
_a
2012
650
4
_a
Ficção inglesa
942
_c
BK
999
_c
62315
_d
62315